000 00316nam a2200145Ia 4500
100 _aComer/Douglas E
490 _v2
942 _cBK
366 _f25
245 _aInter Networking with TCP/IP Vol 2
260 _bPrentice Hall of India
_c1999
300 _a660
546 _aENGLISH
_cComputers
999 _c22637
_d22637